000 00530nam a2200181Ia 4500
003 GCL
008 140319s9999 xx 000 0 ara d
040 _aGCL /
_cGCL
082 0 4 _a157.2
_bط ف
100 1 _aطلال حرب
245 1 0 _aالفشل . اسبابة ونتائجة من زاوية التحليل النفسى /
_cطلال حرب
260 _a[S.N] :
_bدار الافاق الجديدة ،
_c1994
300 _a256 ص
490 _a
650 0 4 _aعلم النفس
650 0 4 _aالفشل
942 _2ddc
_cBK
999 _c55007
_d55007